MARC

LEADER 00000nam0a2200000 4500
001 139742
005 20231031141839.0
010 |a 5330003695 
020 |a RU  |b 88-71973 
035 |a (RuTPU)RU\TPU\book\151377 
090 |a 139742 
100 |a 20080610d1988 m y0rusy5003 ca 
101 1 |a rus  |c ukr 
102 |a UA 
105 |a a z 000ay 
200 1 |a Петербургская осень  |e повесть  |e авториз. пер. с укр.  |f А. Е. Ильченко  |g худож. Н. А. Крисаченко 
210 |a Киев  |c Радяньска школа  |d 1988 
215 |a 254,[2] с.  |c ил.  |d 22 см 
600 1 |a Шевченко  |g Тарас Григорьевич  |b Т. Г.  |c украинский поэт  |f 1814-1861  |c художник  |2 stltpush  |3 (RuTPU)RU\TPU\pers\1608 
610 1 |a Поэты украинские (х. л.) 
610 1 |a Художники украинские (х. л.) 
610 1 |a Интеллигенция в России, 19 в. (х. л.) 
610 1 |a Петербург, 19 в. (х. л.) 
610 1 |a повести 
675 |a 883  |z rus 
700 1 |a Ильченко  |b А. Е.  |g Александр Елисеевич  |4 070 
702 1 |a Крисаченко  |b Н. А.  |4 440 
801 0 |a RU  |b RuMRKP  |c 19950417  |g psbo 
801 1 |a RU  |b 63413507  |c 20080610  |g PSBO 
801 2 |a RU  |b 63413507  |c 20130402  |g PSBO 
942 |c BK